愛媛県の戦前市制・町制 - Statistics

General Stats
  • This quiz has been taken 102 times
  • The average score is 34 of 49
Answer Stats
施行日 施行内容 所属郡 回答 % Correct
1889.12.15 市制 (市) 松山市
100%
1920.02.11 市制 (市) 今治市
100%
1921.08.01 市制 (市) 宇和島市
100%
1941.06.29 市制 (市) 西条市
100%
1935.02.11 市制 (市) 八幡浜市
98%
1889.12.15 町制 西宇和郡 八幡浜町
96%
1889.12.15 町制 北宇和郡 宇和島町
96%
1908.01.01 町制 新居郡 新居浜町
96%
1937.11.03 市制 (市) 新居浜市
96%
1889.12.15 町制 新居郡 西条町
94%
1889.12.15 町制 喜多郡 大洲町
94%
1898.11.21 町制 宇摩郡 三島町
94%
1898.11.28 町制 温泉郡 北条町
94%
1889.12.15 町制 越智郡 今治町
92%
1898.12.21 町制 宇摩郡 川之江町
92%
1889.12.15 町制 喜多郡 内子町
91%
1922.10.31 町制 伊予郡 松前町
91%
1901.08.20 町制 上浮穴郡 久万町
89%
1940.11.03 町制 越智郡 伯方町
87%
1898.11.22 町制 周桑郡 小松町
83%
1928.11.10 町制 伊予郡 砥部町
83%
1901.06.14 町制 周桑郡 壬生川町
81%
1889.12.15 町制 北宇和郡 吉田町
77%
1889.12.15 町制 伊予郡 郡中町
72%
1923.02.11 町制 南宇和郡 城辺町
72%
1922.01.01 町制 東宇和郡 野村町
68%
1923.02.11 町制 南宇和郡 御荘町
66%
1921.09.03 町制 西宇和郡 三瓶町
64%
1889.12.15 町制 喜多郡 長浜町
62%
1889.12.15 町制 東宇和郡 宇和町
62%
1920.05.21 町制 喜多郡 五十崎町
58%
1889.12.15 町制 温泉郡 道後湯之町
57%
1908.01.01 町制 越智郡 波止浜町
55%
1913.12.23 町制 周桑郡 丹原町
53%
1908.01.01 町制 越智郡 菊間町
51%
1925.04.01 町制 伊予郡 中山町
51%
1889.12.15 町制 和気郡 三津浜町
45%
1940.11.10 町制 北宇和郡 松丸町
45%
1908.01.01 町制 新居郡 氷見町
42%
1919.10.03 町制 北宇和郡 岩松町
42%
1942.04.01 町制 新居郡 中萩町
42%
1913.01.01 町制 宇摩郡 上分町
40%
1939.10.01 町制 新居郡 角野町
40%
1914.08.01 町制 西宇和郡 川之石町
38%
1921.09.03 町制 伊予郡 上灘町
38%
1939.03.10 町制 新居郡 泉川町
38%
1917.10.31 町制 越智郡 桜井町
36%
1928.07.01 町制 西宇和郡 神山町
36%
1941.11.10 町制 北宇和郡 近永町
36%
No matching quizzes found
Score Distribution
Percent of People with Each Score
Percentile by Number Answered
Your Score History
You have not taken this quiz